[Event "ISR-ch Youth 2019"]
[Site "Jerusalem"]
[Date "2019.04.16"]
[Round "7.7"]
[White "Blumenthal, Michael"]
[Black "Ribstein, Orel"]
[Result "1/2-1/2"]
[WhiteElo "1277"]
[BlackElo "1708"]
[Annotator "NA RC"]
[PlyCount "91"]
[EventDate "2019.04.11"]
[EventType "swiss"]
[EventCountry "ISR"]
[SourceTitle "playchess.com"]
[Source "ChessBase"]
[SourceQuality "1"]
[TimeControl "5400+30"]

1. e4 {[%emt 0:00:00]} d6 {[%emt 0:00:00]} 2. d4 {[%emt 0:00:00]} g6 {[%emt 0:00:00]} 3. Nc3 {[%emt 0:00:00]} a6 {[%emt 0:00:00]} 4. a4 {[%emt 0:01:36]} Nf6 {[%emt 0:00:46]} 5. f4 {[%emt 0:01:01]} Bg7 {[%emt 0:01:06]} 6. Nf3 {[%emt 0:00:31]} O-O {[%emt 0:00:40]} 7. e5 {[%emt 0:00:37]} dxe5 {[%emt 0:02:54]} 8. dxe5 {[%emt 0:00:22]} Qxd1+ {[%emt 0:02:17]} 9. Kxd1 {[%emt 0:01:02]} Rd8+ {[%emt 0:03:11]} 10. Ke1 {[%emt 0:00:18]} Nd5 {[%emt 0:01:07]} 11. Nxd5 {[%emt 0:00:26]} Rxd5 {[%emt 0:00:09]} 12. Bc4 {[%emt 0:00:20]} Rd8 {[%emt 0:01:41]} 13. Ng5 {[%emt 0:00:51]} e6 {[%emt 0:00:30]} 14. Be3 {[%emt 0:00:41]} b6 {[%emt 0:02:40]} 15. Kf2 {[%emt 0:00:58]} Bb7 {[%emt 0:01:24]} 16. Rhd1 {[%emt 0:01:41]} Nc6 {[%emt 0:00:41]} 17. c3 {[%emt 0:03:26]} h6 {[%emt 0:01:14]} 18. Nf3 {[%emt 0:00:24]} Ne7 {[%emt 0:02:29]} 19. g4 {[%emt 0:12:42]} Nd5 {[%emt 0:08:37]} 20. Be2 {[%emt 0:08:49]} Nxe3 {[%emt 0:05:20]} 21. Kxe3 {[%emt 0:00:16]} Bf8 {[%emt 0:00:19]} 22. Nd4 {[%emt 0:05:00]} Bc5 {[%emt 0:10:45]} 23. b4 {[%emt 0:03:06]} Bxd4+ {[%emt 0:01:19]} 24. Rxd4 {[%emt 0:01:17]} Rxd4 {[%emt 0:01:37]} 25. Kxd4 {[%emt 0:03:55]} Rd8+ {[%emt 0:01:24]} 26. Ke3 {[%emt 0:00:21]} Kf8 {[%emt 0:04:07]} 27. Rd1 {[%emt 0:00:35]} Rxd1 {[%emt 0:00:56]} 28. Bxd1 {[%emt 0:00:14]} Bc6 {[%emt 0:07:38]} 29. a5 {[%emt 0:02:33]} b5 {[%emt 0:15:52]} 30. Bf3 {[%emt 0:03:42]} Bxf3 {[%emt 0:01:03]} 31. Kxf3 {[%emt 0:00:24]} Ke7 {[%emt 0:00:19]} 32. Ke4 {[%emt 0:01:53]} c5 {[%emt 0:21:22]} 33. bxc5 {[%emt 0:02:00]} Kd7 {[%emt 0:00:06]} 34. c6+ {[%emt 0:45:59]} Kxc6 {[%emt 0:01:46]} 35. Kd4 {[%emt 0:00:00]} h5 {[%emt 0:00:31]} 36. gxh5 {[%emt 0:00:00]} gxh5 {[%emt 0:00:01]} 37. h4 {[%emt 0:00:00]} Kd7 {[%emt 0:00:24]} 38. Kc5 {[%emt 0:00:00]} Kc7 {[%emt 0:00:06]} 39. Kb4 {[%emt 0:00:00]} Kb7 {[%emt 0:01:17]} 40. Kc5 {[%emt 0:00:00]} Kc7 {[%emt 0:00:04]} 41. Kb4 {[%emt 0:00:00]} Kc6 {[%emt 0:01:11]} 42. c4 {[%emt 0:00:00]} bxc4 {[%emt 0:00:15]} 43. Kxc4 {[%emt 0:00:00]} Kd7 {[%emt 0:00:01]} 44. Kc5 {[%emt 0:00:00]} Kc7 {[%emt 0:00:05]} 45. Kb4 {[%emt 0:00:00]} Kc6 {[%emt 0:00:38]} 46. Kc4 {[%emt 0:00:00]} 1/2-1/2

[Event "ISR-ch Youth 2019"]
[Site "Jerusalem"]
[Date "2019.04.16"]
[Round "7.8"]
[White "Ostrovsky Berman, Noam"]
[Black "Dezent, Eyal"]
[Result "0-1"]
[WhiteElo "1545"]
[BlackElo "1300"]
[Annotator "NA RC"]
[PlyCount "40"]
[EventDate "2019.04.11"]
[EventType "swiss"]
[EventCountry "ISR"]
[SourceTitle "playchess.com"]
[Source "ChessBase"]
[SourceQuality "1"]
[TimeControl "5400+30"]

1. e4 {[%emt 0:00:00]} c6 {[%emt 0:00:00]} 2. d4 {[%emt 0:00:00]} d5 {[%emt 0:00:00]} 3. Nc3 {[%emt 0:00:00]} dxe4 {[%emt 0:00:00]} 4. Nxe4 {[%emt 0:00:00]} Bf5 {[%emt 0:00:00]} 5. Ng3 {[%emt 0:00:00]} Bg6 {[%emt 0:00:20]} 6. h4 {[%emt 0:00:00]} h6 {[%emt 0:00:22]} 7. f4 {[%emt 0:00:09]} e6 {[%emt 0:02:00]} 8. Nf3 {[%emt 0:00:13]} Nd7 {[%emt 0:01:33]} 9. h5 {[%emt 0:00:42]} Bh7 {[%emt 0:00:20]} 10. Bd3 {[%emt 0:00:05]} Bxd3 {[%emt 0:00:15]} 11. Qxd3 {[%emt 0:00:08]} Ngf6 {[%emt 0:00:33]} 12. Bd2 {[%emt 0:00:31]} Qc7 {[%emt 0:03:42]} 13. O-O-O {[%emt 0:00:25]} O-O-O {[%emt 0:00:54]} 14. c4 {[%emt 0:02:31]} Bd6 {[%emt 0:01:11]} 15. Ne5 {[%emt 0:00:17]} Bxe5 {[%emt 0:00:44]} 16. fxe5 {[%emt 0:06:00]} Nxe5 {[%emt 0:04:26]} 17. Qc3 {[%emt 1:27:29]} Nxc4 {[%emt 0:03:44]} 18. Qxc4 {[%emt 0:00:00]} Qxg3 {[%emt 0:00:18]} 19. Ba5 {[%emt 0:00:00]} Qf4+ {[%emt 0:06:57]} 20. Kb1 {[%emt 0:00:00]} Qf5+ {[%emt 0:00:37]} 0-1

[Event "ISR-ch Youth 2019"]
[Site "Jerusalem"]
[Date "2019.04.16"]
[Round "7.10"]
[White "Qasem, Huda"]
[Black "Almog, Shani"]
[Result "1-0"]
[WhiteElo "1664"]
[BlackElo "1362"]
[Annotator "NA"]
[PlyCount "91"]
[EventDate "2019.04.11"]
[EventType "swiss"]
[EventCountry "ISR"]
[SourceTitle "playchess.com"]
[Source "ChessBase"]
[SourceQuality "1"]
[TimeControl "5400+30"]

1. Nf3 {[%emt 0:00:00]} e6 {[%emt 0:00:00]} 2. g3 {[%emt 0:00:00]} Nf6 {[%emt 0:00:28]} 3. Bg2 {[%emt 0:00:00]} d5 {[%emt 0:00:33]} 4. O-O {[%emt 0:00:21]} c5 {[%emt 0:00:44]} 5. d3 {[%emt 0:00:11]} Nc6 {[%emt 0:01:09]} 6. Nbd2 {[%emt 0:01:15]} Be7 {[%emt 0:02:33]} 7. e4 {[%emt 0:00:26]} O-O {[%emt 0:04:15]} 8. Re1 {[%emt 0:00:56]} Qc7 {[%emt 0:05:03]} 9. Nf1 {[%emt 0:05:36]} dxe4 {[%emt 0:02:26]} 10. dxe4 {[%emt 0:00:29]} Rd8 {[%emt 0:04:27]} 11. Qe2 {[%emt 0:01:20]} e5 {[%emt 0:00:15]} 12. c3 {[%emt 0:01:34]} a6 {[%emt 0:10:21]} 13. Bg5 {[%emt 0:03:17]} h6 {[%emt 0:01:19]} 14. Bxf6 {[%emt 0:00:09]} Bxf6 {[%emt 0:00:08]} 15. Ne3 {[%emt 0:00:05]} Ne7 {[%emt 0:00:24]} 16. a4 {[%emt 0:01:15]} Bd7 {[%emt 0:05:50]} 17. a5 {[%emt 0:03:42]} Be6 {[%emt 0:02:23]} 18. Qc2 {[%emt 0:08:34]} Nc6 {[%emt 0:03:28]} 19. Qa4 {[%emt 0:03:06]} Rd3 {[%emt 0:05:16]} 20. Bf1 {[%emt 0:02:30]} Rd7 {[%emt 0:02:56]} 21. Bc4 {[%emt 0:02:44]} Bxc4 {[%emt 0:02:45]} 22. Nxc4 {[%emt 0:00:14]} Rad8 {[%emt 0:01:05]} 23. Nb6 {[%emt 0:06:25]} Rd3 {[%emt 0:02:25]} 24. Nd5 {[%emt 0:04:08]} Qd6 {[%emt 0:01:11]} 25. Kg2 {[%emt 0:00:37]} Ne7 {[%emt 0:04:31]} 26. c4 {[%emt 0:03:12]} Nxd5 {[%emt 0:02:21]} 27. exd5 {[%emt 0:05:05]} e4 {[%emt 0:04:58]} 28. Rxe4 {[%emt 0:01:30]} Bxb2 {[%emt 0:00:47]} 29. Ra2 {[%emt 0:06:16]} Qf6 {[%emt 0:03:00]} 30. Ne1 {[%emt 0:05:51]} Rd2 {[%emt 0:02:13]} 31. Rf4 {[%emt 0:02:10]} Qc3 {[%emt 0:04:17]} 32. Rf3 {[%emt 0:06:46]} Qc1 {[%emt 0:02:31]} 33. Nd3 {[%emt 0:01:30]} Qb1 {[%emt 0:01:07]} 34. Qb3 {[%emt 0:06:47]} Rd1 {[%emt 0:01:26]} 35. Qxb2 {[%emt 0:02:22]} Rg1+ {[%emt 0:00:19]} 36. Kh3 {[%emt 0:00:08]} Qf1+ {[%emt 0:00:49]} 37. Kg4 {[%emt 0:01:06]} f5+ {[%emt 0:07:03]} 38. Kf4 {[%emt 0:06:40]} Re8 {[%emt 0:04:06]} 39. Ne5 {[%emt 0:06:25]} g5+ {[%emt 0:03:43]} 40. Kxf5 {[%emt 0:01:07]} Qh3+ {[%emt 0:02:42]} 41. Kg6 {[%emt 0:01:32]} Re1 {[%emt 0:02:27]} 42. Ng4 {[%emt 0:01:41]} R1e6+ {[%emt 0:00:44]} 43. dxe6 {[%emt 0:00:12]} Rxe6+ {[%emt 0:00:18]} 44. Nf6+ {[%emt 0:00:10]} Kf8 {[%emt 0:00:35]} 45. Qxb7 {[%emt 0:00:53]} Re7 {[%emt 0:00:20]} 46. Qb8+ {[%emt 0:00:08]} 1-0

[Event "ISR-ch Youth 2019"]
[Site "Jerusalem"]
[Date "2019.04.16"]
[Round "7.12"]
[White "Harel Raz, Eden"]
[Black "Frenkel, Avigail"]
[Result "0-1"]
[WhiteElo "1128"]
[BlackElo "1124"]
[Annotator "NA RC"]
[PlyCount "60"]
[EventDate "2019.04.11"]
[EventType "swiss"]
[EventCountry "ISR"]
[SourceTitle "playchess.com"]
[Source "ChessBase"]
[SourceQuality "1"]
[TimeControl "5400+30"]

1. d4 {[%emt 0:00:00]} Nf6 {[%emt 0:00:00]} 2. Nf3 {[%emt 0:00:16]} g6 {[%emt 0:00:00]} 3. Bg5 {[%emt 0:01:38]} Bg7 {[%emt 0:00:26]} 4. Nbd2 {[%emt 0:01:50]} O-O {[%emt 0:00:34]} 5. e3 {[%emt 0:02:36]} d6 {[%emt 0:00:54]} 6. Bd3 {[%emt 0:01:25]} Nbd7 {[%emt 0:01:03]} 7. O-O {[%emt 0:00:52]} Qe8 {[%emt 0:00:46]} 8. e4 {[%emt 0:02:53]} e5 {[%emt 0:02:21]} 9. c3 {[%emt 0:01:33]} h6 {[%emt 0:05:02]} 10. Bh4 {[%emt 0:00:47]} g5 {[%emt 0:06:30]} 11. Bg3 {[%emt 0:04:09]} Nh5 {[%emt 0:06:13]} 12. Rc1 {[%emt 0:08:18]} Nf4 {[%emt 0:00:55]} 13. Qc2 {[%emt 0:01:36]} Qe7 {[%emt 0:04:42]} 14. h3 {[%emt 0:02:32]} h5 {[%emt 0:09:27]} 15. Bxf4 {[%emt 0:01:38]} gxf4 {[%emt 0:01:20]} 16. b4 {[%emt 0:01:03]} Kh8 {[%emt 0:03:23]} 17. Be2 {[%emt 0:02:18]} Rg8 {[%emt 0:03:09]} 18. Nh2 {[%emt 0:01:00]} Nf6 {[%emt 0:00:39]} 19. Nc4 {[%emt 0:01:33]} Bh6 {[%emt 0:01:12]} 20. Nf3 {[%emt 0:00:36]} Bxh3 {[%emt 0:01:16]} 21. Kh2 {[%emt 0:04:56]} Bxg2 {[%emt 0:02:28]} 22. Rfe1 {[%emt 0:02:26]} Qe6 {[%emt 0:02:33]} 23. Ng1 {[%emt 0:00:51]} Bxe4 {[%emt 0:01:52]} 24. Qd2 {[%emt 0:01:09]} Bd5 {[%emt 0:03:54]} 25. Nb2 {[%emt 0:01:22]} Ng4+ {[%emt 0:00:38]} 26. Bxg4 {[%emt 0:00:35]} Qxg4 {[%emt 0:00:14]} 27. f3 {[%emt 0:00:37]} Qh4+ {[%emt 0:01:21]} 28. Nh3 {[%emt 0:00:13]} Qg3+ {[%emt 0:00:15]} 29. Kh1 {[%emt 0:00:19]} Bxf3+ {[%emt 0:00:09]} 30. Qg2 {[%emt 0:00:20]} Qxg2# {[%emt 0:00:08]} 0-1

[Event "ISR-ch Youth 2019"]
[Site "Jerusalem"]
[Date "2019.04.17"]
[Round "8.1"]
[White "Globus, Or"]
[Black "Tzidkiya, Yeshaayahu"]
[Result "1-0"]
[WhiteElo "2346"]
[BlackElo "2188"]
[Annotator "TA"]
[PlyCount "85"]
[EventDate "2019.04.11"]
[EventType "swiss"]
[EventCountry "ISR"]
[SourceTitle "playchess.com"]
[Source "ChessBase"]
[SourceQuality "1"]

{[%evp 20,85,66,48,67,60,53,8,22,14,17,16,255,258,260,95,235,231,262,235,234,213,237,71,125,60,277,267,315,316,311,277,319,313,312,307,380,416,407,404,557,518,611,618,571,569,577,588,578,554,767,753,786,718,1112,1094,972,963,1154,989,6311,6311,5397,2572,29971,29973,29973,29972]} 1. d4 Nf6 2. Nf3 g6 3. g3 Bg7 4. Bg2 O-O 5. O-O d6 6. b3 e5 7. dxe5 Ng4 8. Bb2 Nc6 9. Qc1 Ncxe5 10. Nxe5 Nxe5 11. c4 Bg4 {A49: 1 d4 Nf6 2 Nf3 g6 3 g3: Anti-King's Indian systems} (11... Re8 12. Nc3 Rb8 13. Qd2 a6 14. Rad1 Be6 15. f4 Ng4 16. h3 Nf6 17. e4 b5 18. f5 Bd7 19. g4 bxc4 20. fxg6 hxg6 {0-1 (58) Mamedov,R (2709)-McShane,L (2647) Batumi 2018}) 12. Nc3 c6 13. Rd1 f5 $146 {The position is equal.} ({Predecessor:} 13... Re8 14. h3 Be6 15. Ne4 d5 16. Ng5 Qf6 17. cxd5 Bxd5 18. e4 Be6 19. Rb1 {½-½ (50) Gomez Sanchez,J (2398)-Espinosa Veloz,E (2490) Varadero 2016}) 14. c5 d5 $1 {[#]} 15. Nxd5 $1 {[%mdl 512] Threatens to win with Nb6.} cxd5 $2 (15... Bxe2 $11 {and Black stays safe.} 16. Rd2 Nd3 {[%mdl 64] Double Attack}) 16. Bxd5+ $18 {[%mdl 64] Double Attack} Kh8 17. f3 $2 (17. Bxb7 $18 Qc7 18. Bxa8 Rxa8 19. f3) 17... Bh5 (17... Qe7 $16 {might work better.}) 18. Bxb7 Qe7 19. Bxa8 Rxa8 20. Rd6 Re8 {[#]} 21. Kg2 $2 (21. Kf1 $1 $18 {and the rest is easy.}) 21... g5 ({Better is} 21... Kg8) 22. Bc3 ({White should play} 22. Qd2 $16) 22... g4 $2 {[#]} (22... Kg8 $1 $14) 23. f4 $1 {[%cal Rf4e5]} Nd7 24. Bxg7+ Kxg7 25. Qc3+ Kg8 26. Kg1 Rc8 {Hoping for ...Qxd6.} 27. Rad1 Nf8 28. Kf2 Be8 29. b4 Ng6 30. Qd3 Ba4 31. Rd8+ Rxd8 32. Qxd8+ Kf7 33. Qd5+ Kg7 34. Rd3 Bc2 35. Qd4+ Kh6 36. Rc3 Be4 37. c6 Qc7 38. Rc5 Nf8 39. Qe5 Qc8 40. Qf6+ Ng6 41. c7 a6 42. a3 Bb7 43. Rxf5 {Accuracy: White = 56%, Black = 20%.} 1-0

[Event "ISR-ch Youth 2019"]
[Site "Jerusalem"]
[Date "2019.04.17"]
[Round "8.2"]
[White "Stolyarsky, Yegor"]
[Black "Milikow, Yoav"]
[Result "0-1"]
[WhiteElo "1939"]
[BlackElo "2256"]
[Annotator "NA"]
[PlyCount "131"]
[EventDate "2019.04.11"]
[EventType "swiss"]
[EventCountry "ISR"]
[SourceTitle "playchess.com"]
[Source "ChessBase"]
[SourceQuality "1"]
[TimeControl "5400+30"]

1. d4 {[%emt 0:02:36]} Nf6 {[%emt 0:00:00]} 2. Nf3 {[%emt 0:01:11]} g6 {[%emt 0:00:00]} 3. c4 {[%emt 0:00:48]} Bg7 {[%emt 0:00:00]} 4. Nc3 {[%emt 0:00:55]} d5 {[%emt 0:00:07]} 5. Bf4 {[%emt 0:00:24]} O-O {[%emt 0:00:44]} 6. e3 {[%emt 0:00:18]} c5 {[%emt 0:00:40]} 7. dxc5 {[%emt 0:00:29]} Ne4 {[%emt 0:00:45] D93: Grünfeld: 4 Nf3 Bg7 5 Bf4 0-0 6 e3} (7... Qa5 8. Rc1 dxc4 9. Bxc4 Qxc5 10. Bb3 Nc6 11. O-O Qa5 12. h3 Bf5 13. Qe2 Ne4 14. Nd5 e5 15. Bg5 Nxg5 16. Nxg5 Qd8 17. h4 h6 18. g4 Bd7 19. Ne4 f5 20. gxf5 Bxf5 21. Ne7+ Kh7 22. Nxf5 gxf5 {1-0 (52) Riazantsev,A (2671)-Kulaots,K (2556) Tallinn 2016}) 8. Rc1 {[%emt 0:00:29]} Nd7 {[%emt 0:01:06]} 9. cxd5 {[%emt 0:01:22]} Qa5 {[%emt 0:02:29]} 10. Be2 {[%emt 0:00:18]} Nxc3 {[%emt 0:00:47]} 11. bxc3 {[%emt 0:00:21]} Nxc5 {[%emt 0:02:29]} (11... Bxc3+ $11 12. Kf1 Nxc5) 12. Be5 {[%emt 0:07:02]} Bxe5 $1 {[%emt 0:05:54]} 13. Nxe5 {[%emt 0:00:25]} e6 $146 {[%emt 0:06:50]} ({Predecessor:} 13... Qxa2 14. O-O Nd7 15. Nc4 {1-0 (32) Latib,A (1582)-Van de Peut,A (1288) LSS email 2013}) 14. Bc4 {[%emt 0:17:40]} exd5 {[%emt 0:10:55]} 15. Bxd5 {[%emt 0:02:50]} Be6 {[%emt 0:01:30]} 16. Bxe6 {[%emt 0:16:02]} Nxe6 {[%emt 0:00:23]} 17. Nf3 {[%emt 0:09:03]} Qxa2 {[%emt 0:00:31]} 18. O-O {[%emt 0:00:23]} Rfd8 {[%emt 0:01:49]} 19. Qc2 {[%emt 0:01:02]} Qxc2 {[%emt 0:03:12]} 20. Rxc2 {[%emt 0:00:07]} a5 {[%emt 0:00:39]} 21. Rb1 {[%emt 0:04:32]} a4 {[%emt 0:02:14]} 22. Kf1 {[%emt 0:01:52]} a3 {[%emt 0:01:42]} 23. Nd4 {[%emt 0:01:59]} Nc5 {[%emt 0:01:28]} 24. Ra1 {[%emt 0:05:25]} Ra5 {[%emt 0:01:09]} 25. Rca2 {[%emt 0:01:34]} Rda8 {[%emt 0:00:45]} 26. Ke2 {[%emt 0:05:00]} Na4 {[%emt 0:05:33]} 27. Kd2 {[%emt 0:05:39]} Nb2 {[%emt 0:01:38]} 28. Nc2 {[%emt 0:02:29]} Kg7 {[%emt 0:04:28]} 29. Nd4 {[%emt 0:01:59]} Kf6 {[%emt 0:01:42]} 30. Kc2 {[%emt 0:00:56]} Nc4 {[%emt 0:02:22]} 31. Kb3 {[%emt 0:01:19]} Rc5 {[%emt 0:00:44]} 32. Kc2 {[%emt 0:04:01]} Ke5 {[%emt 0:01:35]} 33. Kd3 {[%emt 0:00:47]} Rac8 {[%emt 0:00:46]} 34. Nc2 {[%emt 0:02:04]} Nb2+ {[%emt 0:00:50]} 35. Ke2 {[%emt 0:00:24]} Rxc3 {[%emt 0:01:22]} 36. Nxa3 {[%emt 0:00:11]} Nd3 {[%emt 0:00:44]} 37. Rd2 {[%emt 0:00:51]} Nc1+ {[%emt 0:00:07]} 38. Ke1 {[%emt 0:03:06]} Nb3 {[%emt 0:00:08]} 39. Nb5 {[%emt 0:00:13]} Nxa1 {[%emt 0:00:28]} 40. Nxc3 {[%emt 0:00:39]} Rxc3 {[%emt 0:00:03]} 41. Rd7 {[%emt 0:00:57]} b5 {[%emt 0:00:38]} 42. Rxf7 {[%emt 0:00:34]} b4 {[%emt 0:00:43]} 43. Kd1 {[%emt 0:00:19]} b3 {[%emt 0:00:29]} 44. Rb7 {[%emt 0:00:13]} h5 {[%emt 0:00:47]} 45. Rb8 {[%emt 0:00:42]} Kd5 {[%emt 0:00:17]} 46. Rb7 {[%emt 0:00:39]} Rc6 {[%emt 0:00:11]} 47. Rb8 {[%emt 0:00:35]} Ke4 {[%emt 0:01:09]} 48. Rb7 {[%emt 0:00:39]} Kd3 {[%emt 0:00:28]} 49. Rb8 {[%emt 0:00:32]} Rc2 {[%emt 0:00:34]} 50. Rd8+ {[%emt 0:00:29]} Kc3 {[%emt 0:00:07]} 51. Rc8+ {[%emt 0:00:04]} Kb2 {[%emt 0:00:11]} 52. Rb8 {[%emt 0:00:25]} Rc6 {[%emt 0:00:14]} 53. e4 {[%emt 0:00:37]} Rd6+ {[%emt 0:00:22]} 54. Ke2 {[%emt 0:00:07]} Kc1 {[%emt 0:00:11]} 55. e5 $19 {[%emt 0:00:13]} Re6 {[%emt 0:00:31]} 56. f4 {[%emt 0:00:08]} b2 {[%emt 0:00:07]} 57. Kd3 {[%emt 0:00:32]} Nc2 {[%emt 0:00:23]} 58. Ke4 {[%emt 0:00:32]} b1=Q {[%emt 0:00:30]} 59. Rxb1+ {[%emt 0:00:08]} Kxb1 {[%emt 0:00:02]} 60. Kd5 {[%emt 0:00:24]} Ra6 {[%emt 0:00:17]} 61. e6 {[%emt 0:00:18]} Nb4+ {[%emt 0:00:30]} 62. Ke5 {[%emt 0:00:49]} Nd3+ {[%emt 0:00:06]} 63. Ke4 {[%emt 0:00:33]} Nc5+ {[%emt 0:00:05]} 64. Ke5 {[%emt 0:00:18]} Rxe6+ {[%emt 0:00:07]} 65. Kd5 {[%emt 0:00:10]} Re2 {[%emt 0:00:06]} 66. Kd4 {[%emt 0:03:18]} 0-1

[Event "ISR-ch Youth 2019"]
[Site "Jerusalem"]
[Date "2019.04.17"]
[Round "8.3"]
[White "Hoffmann, Yair"]
[Black "Guz, Ari"]
[Result "1/2-1/2"]
[WhiteElo "2103"]
[BlackElo "2058"]
[Annotator "NA"]
[PlyCount "127"]
[EventDate "2019.04.11"]
[EventType "swiss"]
[EventCountry "ISR"]
[SourceTitle "playchess.com"]
[Source "ChessBase"]
[SourceQuality "1"]
[TimeControl "5400+30"]

1. d4 {[%emt 0:00:00]} Nf6 {[%emt 0:00:00]} 2. Nf3 {[%emt 0:00:00]} d5 {[%emt 0:00:00]} 3. Bf4 {[%emt 0:00:04]} e6 {[%emt 0:00:00]} 4. e3 {[%emt 0:00:07]} c5 {[%emt 0:00:00]} 5. c3 {[%emt 0:00:03]} Nc6 {[%emt 0:00:03]} 6. Nbd2 {[%emt 0:00:11]} cxd4 {[%emt 0:00:12]} 7. exd4 {[%emt 0:00:07]} Nh5 {[%emt 0:00:07]} 8. Bg5 {[%emt 0:01:04]} f6 {[%emt 0:00:06]} 9. Be3 {[%emt 0:01:54]} Bd6 {[%emt 0:00:06]} 10. g3 {[%emt 0:02:21]} O-O {[%emt 0:01:22]} 11. Bd3 {[%emt 0:02:33]} f5 {[%emt 0:01:22]} 12. Ng5 {[%emt 0:01:08]} Nf6 {[%emt 0:01:52]} 13. f4 {[%emt 0:00:08]} Qb6 {[%emt 0:05:26]} 14. Qb3 {[%emt 0:03:43]} Bd7 {[%emt 0:05:55]} 15. Ngf3 {[%emt 0:06:32]} Ng4 {[%emt 0:03:51]} 16. Qxb6 {[%emt 0:02:53]} axb6 {[%emt 0:00:07]} 17. Ke2 {[%emt 0:00:05]} Na5 {[%emt 0:06:58]} 18. Ne5 {[%emt 0:00:50]} Bxe5 {[%emt 0:03:18]} 19. dxe5 {[%emt 0:00:38]} Nxe3 {[%emt 0:00:10]} 20. Kxe3 {[%emt 0:00:17]} b5 {[%emt 0:03:46]} 21. Nf3 {[%emt 0:03:34]} Nc4+ {[%emt 0:04:31]} 22. Bxc4 {[%emt 0:00:08]} bxc4 {[%emt 0:00:02]} 23. a3 {[%emt 0:00:53]} h6 {[%emt 0:02:21]} 24. h3 {[%emt 0:01:11]} Kf7 {[%emt 0:07:10]} 25. Rag1 {[%emt 0:02:45]} g6 {[%emt 0:01:25]} 26. g4 {[%emt 0:01:27]} Rg8 {[%emt 0:01:06]} 27. h4 {[%emt 0:02:59]} Ba4 {[%emt 0:10:39]} 28. Nd4 {[%emt 0:03:20]} h5 {[%emt 0:01:11]} 29. gxh5 {[%emt 0:01:27]} gxh5 {[%emt 0:00:33]} 30. Rg5 {[%emt 0:00:08]} Rxg5 {[%emt 0:01:18]} 31. fxg5 {[%emt 0:00:08]} Ra6 {[%emt 0:03:42]} 32. Kd2 {[%emt 0:01:49]} Be8 {[%emt 0:02:51]} 33. Rg1 {[%emt 0:00:20]} Kg7 {[%emt 0:00:13]} 34. Ne2 {[%emt 0:01:43]} Bg6 {[%emt 0:01:12]} 35. Nf4 {[%emt 0:00:16]} Rb6 {[%emt 0:01:31]} 36. Kc2 {[%emt 0:00:11]} Ra6 {[%emt 0:00:26]} 37. Rb1 {[%emt 0:00:29]} Rc6 {[%emt 0:03:31]} 38. Rd1 {[%emt 0:01:27]} Rb6 {[%emt 0:00:40]} 39. Rd2 {[%emt 0:00:14]} Rc6 {[%emt 0:00:33]} 40. Kd1 {[%emt 0:00:07]} Rb6 {[%emt 0:00:49]} 41. Ke2 {[%emt 0:00:06]} Rc6 {[%emt 0:03:36]} 42. Ke3 {[%emt 0:00:07]} Kf7 {[%emt 0:00:53]} 43. Kd4 {[%emt 0:00:16]} Ra6 {[%emt 0:02:14]} 44. Kc5 {[%emt 0:00:46]} Rc6+ {[%emt 0:00:07]} 45. Kd4 {[%emt 0:00:33]} Ra6 {[%emt 0:00:18]} 46. Re2 {[%emt 0:00:43]} Rc6 {[%emt 0:00:21]} 47. Re1 {[%emt 0:01:33]} Rb6 {[%emt 0:00:17]} 48. Re2 {[%emt 0:01:00]} Rc6 {[%emt 0:00:07]} 49. Rf2 {[%emt 0:01:55]} Rb6 {[%emt 0:00:24]} 50. Ng2 {[%emt 0:00:06]} Kg7 {[%emt 0:00:27]} 51. Ke3 {[%emt 0:01:06]} Be8 {[%emt 0:00:43]} 52. Ne1 {[%emt 0:01:27]} Ba4 {[%emt 0:00:20]} 53. Rd2 {[%emt 0:00:07]} Be8 {[%emt 0:01:07]} 54. Nf3 {[%emt 0:00:51]} Bg6 {[%emt 0:00:10]} 55. Nd4 {[%emt 0:00:24]} Kh7 {[%emt 0:00:49]} 56. Kf4 {[%emt 0:00:07]} Kg7 {[%emt 0:00:26]} 57. Ke3 {[%emt 0:00:58]} Kf7 {[%emt 0:00:10]} 58. Ne2 {[%emt 0:00:58]} Kg7 {[%emt 0:00:06]} 59. Nc1 {[%emt 0:00:13]} Be8 {[%emt 0:00:11]} 60. Na2 {[%emt 0:00:22]} Rb5 {[%emt 0:02:54]} 61. Nb4 {[%emt 0:00:24]} Ra5 {[%emt 0:00:14]} 62. Kf4 {[%emt 0:00:16]} Kg6 {[%emt 0:00:44]} 63. Rd1 {[%emt 0:00:42]} Ba4 {[%emt 0:00:08]} 64. Ra1 {[%emt 0:57:46]} 1/2-1/2

[Event "ISR-ch Youth 2019"]
[Site "Jerusalem"]
[Date "2019.04.17"]
[Round "8.4"]
[White "Sherman, Reem"]
[Black "Mizrahi, Ido"]
[Result "0-1"]
[WhiteElo "1883"]
[BlackElo "1957"]
[Annotator "NA"]
[PlyCount "82"]
[EventDate "2019.04.11"]
[EventType "swiss"]
[EventCountry "ISR"]
[SourceTitle "playchess.com"]
[Source "ChessBase"]
[SourceQuality "1"]
[TimeControl "5400+30"]

1. e4 {[%emt 0:00:00]} c6 {[%emt 0:00:00]} 2. d4 {[%emt 0:00:00]} d5 {[%emt 0:00:00]} 3. Nd2 {[%emt 0:00:00]} dxe4 {[%emt 0:00:00]} 4. Nxe4 {[%emt 0:00:05]} Nf6 {[%emt 0:00:00]} 5. Nxf6+ {[%emt 0:00:20]} exf6 {[%emt 0:00:00] LiveBook: 1467 Games} 6. Nf3 {[%emt 0:00:35]} Bd6 {[%emt 0:00:06]} 7. Be2 {[%emt 0:00:48]} O-O {[%emt 0:00:14]} 8. O-O {[%emt 0:00:46]} Qc7 {[%emt 0:01:09]} 9. c3 {[%emt 0:02:52]} Re8 {[%emt 0:01:33]} 10. h3 {[%emt 0:03:28]} Nd7 {[%emt 0:00:48]} 11. Qc2 {[%emt 0:05:51]} Nf8 {[%emt 0:01:14]} 12. Rd1 {[%emt 0:00:22]} Be6 {[%emt 0:02:54]} 13. b3 {[%emt 0:03:54]} Ng6 {[%emt 0:02:38]} 14. Bf1 {[%emt 0:03:07]} (14. Bc4 $11 {keeps the balance.}) 14... Bd5 $15 {[%emt 0:06:40]} 15. Nd2 {[%emt 0:01:23]} Nf4 {[%emt 0:00:55]} 16. g3 {[%emt 0:10:51]} Ne2+ {[%emt 0:03:14]} 17. Bxe2 {[%emt 0:00:08]} Rxe2 {[%emt 0:00:01]} 18. Qd3 {[%emt 0:00:20]} Rae8 {[%emt 0:38:42]} 19. Nf1 {[%emt 0:03:28]} R2e7 {[%emt 0:01:25]} 20. Be3 {[%emt 0:13:47]} Qd7 {[%emt 0:02:58]} 21. Kh2 {[%emt 0:14:20]} Bf3 {[%emt 0:02:06]} 22. Re1 {[%emt 0:03:14]} Re4 {[%emt 0:04:40]} 23. Bd2 {[%emt 0:02:38]} Be2 {[%emt 0:04:08]} 24. Rxe2 {[%emt 0:00:31]} Rxe2 {[%emt 0:00:02]} 25. Kg2 {[%emt 0:01:30]} R2e4 {[%emt 0:01:16]} 26. Be3 {[%emt 0:01:27]} f5 {[%emt 0:00:51]} 27. Nd2 {[%emt 0:02:26]} R4e7 {[%emt 0:00:12]} 28. Nc4 {[%emt 0:00:35]} Bc7 {[%emt 0:01:06]} 29. a4 {[%emt 0:05:04]} Qd5+ {[%emt 0:02:29]} 30. Kh2 {[%emt 0:01:57]} Qf3 {[%emt 0:01:49]} 31. Ne5 {[%emt 0:10:20]} Bxe5 {[%emt 0:00:33]} 32. dxe5 {[%emt 0:00:05]} Rxe5 {[%emt 0:00:09]} 33. Qd4 {[%emt 0:00:25]} c5 {[%emt 0:01:06]} 34. Qd7 {[%emt 0:01:12]} R5e7 {[%emt 0:00:29]} 35. Qd6 {[%emt 0:00:40]} b6 {[%emt 0:00:45]} 36. a5 {[%emt 0:00:24]} h6 {[%emt 0:03:40]} 37. axb6 {[%emt 0:02:25]} axb6 {[%emt 0:00:38]} 38. Ra4 {[%emt 0:04:13]} Rxe3 {[%emt 0:03:04]} 39. fxe3 {[%emt 0:00:05]} Qf2+ {[%emt 0:00:06]} 40. Kh1 {[%emt 0:00:11]} Rxe3 {[%emt 0:00:05]} 41. Ra1 {[%emt 0:02:03]} Re2 {[%emt 0:00:11]} 0-1